Výročná správa za rok 2006
Saved in:
| Format: | Book |
|---|---|
| Language: | Slovak English |
| Published: |
Bratislava:
Slovenské elektrárne,
2007
|
| Tags: |
No Tags, Be the first to tag this record!
|
MARC
| LEADER | 00000nam a22000003a 4500 | ||
|---|---|---|---|
| 001 | 0024276 | ||
| 003 | SK-STU | ||
| 005 | 20170605132302.0 | ||
| 007 | ta | ||
| 008 | 170605s ----xo-----e------000-0-----d | ||
| 040 | |a STU |b slo | ||
| 041 | 0 | |a slo |a eng |h slo | |
| 044 | |a xo | ||
| 245 | 1 | 0 | |a Výročná správa za rok 2006 |
| 246 | 3 | 1 | |a Annual Report 2006 |
| 260 | |a Bratislava: |b Slovenské elektrárne, |c 2007 | ||
| 300 | |a 127 s. | ||
| 996 | |b 284V040537 |c V* 9375/K-2455 |l VVT |s A |a 24 |w 0024276_0001 | ||